00730nam a2200241 a 4500001001300000003000900013005001700022008004100039020001000080082001500090100002600105245002400131260004100155300000800196500003500204505002400239650002900263700002600292902000800318942000700326952014000333999001500473nice12345678IN_TiNIC20260116012840.0050524s1934 bana grp 000 0 urd  ac10000a297.7bREV aReview Of Religions,  aReview of Religions aBangalorebReview of Religionsc1934 a00p aincludes index and biblioraphy2 aBibliography, Index aIslam-Study and Teaching1 aReview Of Religions,  bSRC cBK 001040708StackRoom-aHMIbHMId2007-07-12g100.00l3o297.7 REVp014629q2026-02-24r2026-02-10s2026-02-10v100.00w2005-05-24yBK c8633d8633